000 01196nam0a22002891 4500
001 rc\249542
005 20260406154217.0
010 _a5-520-00342-4
_9500
035 _a(NLR Aleph) 005509263
090 _a5388868
_c5388868
100 _a20030307d1990 |||y0rusy50 ca
101 0 _arus
_ageo
102 _aRU
105 _ay |||||||||
200 1 _aАКТУАЛЬНЫЕ вопросы лечения злокачественных опухолей
_eСб. тр.
_fОнкол. науч. центр МЗ и Соцобеспечения Респ. Грузия
_g[Редкол.: Р.Я. Вепхвадзе (отв. ред.) и др.]
210 _aТбилиси
_cМецниереба
_d1990
215 _a202 с.
_d20
300 _aПарал. загл. на груз. яз.
300 _aТекст на рус. и груз. яз.
320 _aБиблиогр. в конце ст.
702 1 _aВепхвадзе
_bР.Я.
_gРеваз Ясонович
_4340
712 0 2 _aОнкологический научный центр
_cТбилиси
_3RU\NLR\AUTH\889929562
_9354666
801 0 _aRU
_bNLR
_gpsbo
801 1 _aRU
_bELAR
_2rusmarc
852 _aNLR
_j97-3/12058
942 _cBOOK
980 _aNB